“We’re better, connected†(Record no. 21180)
[ view plain ]
| 000 -LEADER | |
|---|---|
| fixed length control field | 00569nam a2200121Ia 4500 |
| 008 - FIXED-LENGTH DATA ELEMENTS--GENERAL INFORMATION | |
| fixed length control field | 220616s9999||||xx |||||||||||||| ||und|| |
| 100 ## - MAIN ENTRY--PERSONAL NAME | |
| Personal name | Sönke Graf |
| 245 #0 - TITLE STATEMENT | |
| Title | “We’re better, connected†|
| 546 ## - LANGUAGE NOTE | |
| Language note | English[eng] |
| 650 ## - SUBJECT ADDED ENTRY--TOPICAL TERM | |
| Topical term or geographic name entry element | Bildungsforschung||Computer Aided Teaching||Blended Learning||Naturwissenschaftslehrerfortbildung||Lehrerfortbildung||professional development||Teacher and Learning International Survey||teacher training||Lehrerbildung||TALIS||CAT||CAT4U||Naturwissenschaft |
| 856 ## - ELECTRONIC LOCATION AND ACCESS | |
| Uniform Resource Identifier | <a href="https://www.waxmann.com/buch4037">https://www.waxmann.com/buch4037</a> |
| 942 ## - ADDED ENTRY ELEMENTS (KOHA) | |
| Koha item type | E-Books |
| Withdrawn status | Lost status | Damaged status | Not for loan | Home library | Current library | Date acquired | Total Checkouts | Date last seen | Price effective from | Koha item type |
|---|---|---|---|---|---|---|---|---|---|---|
| Kerala University of Digital Sciences, Innovation and Technology Knowledge Centre | Kerala University of Digital Sciences, Innovation and Technology Knowledge Centre | 16/06/2022 | 16/06/2022 | 16/06/2022 | E-Books |